[Event "Harrogate 4NCL op-C 29th"]
[Site "Harrogate"]
[Date "2023.01.21"]
[Round "3"]
[White "Mulholland, Glenn"]
[Black "Wilson, Jeff"]
[Result "1-0"]
[WhiteElo "1640"]
[BlackElo "1455"]
[PlyCount "53"]
[EventDate "2023.01.20"]
[EventType "swiss"]
[EventRounds "5"]
[EventCountry "ENG"]
[SourceTitle "CBM 212 Extra"]
[Source "ChessBase"]
[SourceDate "2023.03.31"]
[SourceVersion "1"]
[SourceVersionDate "2023.03.31"]
[SourceQuality "1"]

1. d4 Nf6 2. Bf4 e6 3. e3 d5 4. Nf3 c5 5. c3 c4 6. Nbd2 Be7 7. b3 cxb3 8. axb3 0-0 9. Bd3 Nbd7 10. Ne5 Nxe5 11. Bxe5 Bd6 12. Nf3 Ne8 13. Qc2 h6 14. 0-0 a6 15. Rfe1 Qb6 16. c4 dxc4 17. bxc4 Be7 18. Reb1 Qd8 19. Be4 Qd7 20. Qa4 Qxa4 21. Rxa4 Nd6 22. Bxd6 Bxd6 23. c5 Be7 24. Bxb7 Rb8 25. Rab4 Bd7 26. Ne5 Bb5 27. Bxa6 1-0